000 01056nam a22002657a 4500
001 48405
003 BD-RjUL
005 20211209054523.0
008 160814s1961 ii ||||| |||| 00| 0 ben d
020 _c: IRs 2.00
035 _a(BD-RjUL)48524
040 _aBD-RjUL
_bben
_cBD-RjUL
041 _aben
082 _223
_a891.442
_bMIK 1961
100 _aমিত্র, দীনবন্ধু
_9146456
245 1 0 _aকমলে কামিনী নাটক /
_cদীনবন্ধু মিত্র
250 _aপরিষৎ সং
260 _aকলিকাতা :
_bবঙ্গীয় সাহিত্য,
_c১৯৬১
300 _aবিভিন্ন পৃ. ;
_c২১ সেমি.
650 _aবাংলা নাটক
_9146457
650 _aBengali Drama
_9146458
700 _aবন্দোপাধ্যায়, ব্রজেন্দ্রনাথ, সম্পাদক
_9146271
700 _aদাস, সজনীকান্ত, সম্পাদক
_9124110
942 _2ddc
_cBK
999 _c48405
_d48405